[Event "Ortega Memorial tt"]
[Site "Havana"]
[Date "2018.05.25"]
[Round "5.2"]
[White "Martinez Torres, Francesco"]
[Black "Hernandez Fernandez, Noel"]
[Result "1-0"]
[WhiteElo "1856"]
[BlackElo "1945"]
[PlyCount "47"]
[EventDate "2018.05.21"]
[EventType "team-tourn"]
[EventRounds "10"]
[EventCountry "CUB"]
[SourceTitle "EXT 2021"]
[Source "ChessBase"]
[SourceDate "2020.10.23"]
[SourceVersion "1"]
[SourceVersionDate "2020.10.23"]
[SourceQuality "1"]

1. d4 Nf6 2. c4 e6 3. Nf3 b6 4. a3 Be7 5. Nc3 0-0 6. Qc2 Ba6 7. e4 d5 8. e5 Ne8 9. Bd3 Bxc4 10. Bxh7+ Kh8 11. h4 f5 12. exf6 Nxf6 13. Ng5 Nc6 14. Be3 Na5 15. h5 Bb3 16. Qb1 Ng4 17. Nxe6 Qd6 18. Qg6 Bf6 19. h6 gxh6 20. Bg8 Bc2 21. Qxg4 Rxg8 22. Rxh6+ Bh7 23. Rxh7+ Kxh7 24. Qh5# 1-0

[Event "Ortega Memorial tt"]
[Site "Havana"]
[Date "2018.05.24"]
[Round "4.3"]
[White "Hernandez Fernandez, Noel"]
[Black "Nistal Daisson, Alex"]
[Result "1/2-1/2"]
[WhiteElo "1945"]
[BlackElo "1807"]
[PlyCount "80"]
[EventDate "2018.05.21"]
[EventType "team-tourn"]
[EventRounds "10"]
[EventCountry "CUB"]
[SourceTitle "EXT 2021"]
[Source "ChessBase"]
[SourceDate "2020.10.23"]
[SourceVersion "1"]
[SourceVersionDate "2020.10.23"]
[SourceQuality "1"]

1. d4 Nf6 2. Nf3 e6 3. Bf4 b6 4. e3 Bb7 5. Nbd2 Be7 6. Bd3 d5 7. 0-0 0-0 8. Qe2 c5 9. c3 Ne4 10. h3 Nd7 11. Ne5 Nxd2 12. Qxd2 f6 13. Nxd7 Qxd7 14. Qe2 Bd6 15. Qg4 Bxf4 16. exf4 cxd4 17. cxd4 Rac8 18. a4 f5 19. Qe2 Qd6 20. Qd2 Rc7 21. Rfe1 Bc8 22. a5 Bd7 23. axb6 axb6 24. Ra6 Rfc8 25. g3 Rb8 26. Rea1 Qc6 27. Qb4 Be8 28. Kg2 Rcb7 29. R1a3 Qc7 30. Rc3 Qe7 31. Qxe7 Rxe7 32. b4 Kf7 33. Kf3 Reb7 34. Ke3 Ke7 35. f3 Kd6 36. g4 Bd7 37. h4 h6 38. Rca3 h5 39. gxf5 exf5 40. Ra1 g6 1/2-1/2

[Event "Pan American-ch Seniors 50"]
[Site "Neiva"]
[Date "2017.10.14"]
[Round "5"]
[White "Hernandez Fernandez, Noel"]
[Black "Triana Castro, Francisco Javier"]
[Result "1-0"]
[WhiteElo "1902"]
[BlackElo "1684"]
[PlyCount "77"]
[EventDate "2017.10.11"]
[EventType "swiss"]
[EventRounds "9"]
[EventCountry "COL"]
[SourceTitle "CBM 181 Extra"]
[Source "ChessBase"]
[SourceDate "2017.12.12"]
[SourceVersion "1"]
[SourceVersionDate "2017.12.12"]
[SourceQuality "1"]

1. d4 Nf6 2. Nf3 d5 3. Bf4 c6 4. e3 Bg4 5. Nbd2 e6 6. Bd3 Nbd7 7. c3 Be7 8. Qb3 Qb6 9. 0-0 Nh5 10. Qc2 Nxf4 11. exf4 Bxf3 12. Nxf3 g6 13. Rae1 c5 14. Qa4 Kd8 15. Bb5 Qc7 16. dxc5 Bxc5 17. g3 Nb6 18. Qd1 a6 19. Bd3 Nd7 20. Ng5 Nb6 21. b4 Bd6 22. a4 h6 23. Nf3 Qxc3 24. b5 axb5 25. Bxb5 Nc4 26. Qe2 Ke7 27. Rc1 Qb4 28. Bxc4 dxc4 29. Rxc4 Qb3 30. Nd4 Qb6 31. Qe4 Ra5 32. Rb1 Qa6 33. Rxb7+ Kf6 34. Nb5 Rxb5 35. axb5 Qa1+ 36. Kg2 Ra8 37. Rd7 Bb8 38. Qb7 Ra7 39. Rxf7# 1-0